| 000 | 00511ntaaa2200205 4500 | ||
|---|---|---|---|
| 003 | 01 | ||
| 005 | 20251027202747.0 | ||
| 008 | 0714s1973 ag 01 | ||
| 040 |
_aAR-BaBN _bspa _cAR-BaBN _eaacr _dRIC |
||
| 082 | _a793.0000 Ei8 | ||
| 100 | _aEisenberg, Helen | ||
| 245 | _aThe end of your stunt hunt | ||
| 250 | _a1 ed. | ||
| 260 |
_aNashville : _bHelen and Harry Eisenberg, _cc1947 |
||
| 300 | _a48 p | ||
| 500 | _aRecreación | ||
| 650 |
_arecreación _918895 |
||
| 700 | _aEisenberg, Harry | ||
| 942 | _cBK | ||
| 999 |
_c22881 _d22881 |
||